Wow, Filipino 9 / (Record no. 5494)
[ view plain ]
| 000 -LEADER | |
|---|---|
| fixed length control field | 00678nam a22002177a 4500 |
| 003 - CONTROL NUMBER IDENTIFIER | |
| control field | OSt |
| 005 - DATE AND TIME OF LATEST TRANSACTION | |
| control field | 20251105070634.0 |
| 008 - FIXED-LENGTH DATA ELEMENTS--GENERAL INFORMATION | |
| fixed length control field | 251105b |||||||| |||| 00| 0 eng d |
| 020 ## - INTERNATIONAL STANDARD BOOK NUMBER | |
| International Standard Book Number | 978-971-07-4638 |
| 040 ## - CATALOGING SOURCE | |
| Original cataloging agency | DWCL- Main lib |
| Transcribing agency | OC |
| 082 ## - DEWEY DECIMAL CLASSIFICATION NUMBER | |
| Edition number | Fil. 899.21 S256 2020 |
| 100 ## - MAIN ENTRY--PERSONAL NAME | |
| Personal name | Saul,, Aileen Joy |
| 245 ## - TITLE STATEMENT | |
| Title | Wow, Filipino 9 / |
| Statement of responsibility, etc. | Aileen Joy Saul [ and three others] |
| 260 ## - PUBLICATION, DISTRIBUTION, ETC. | |
| Place of publication, distribution, etc. | Quezon City, Philippines: |
| Name of publisher, distributor, etc. | Vibal Group, |
| Date of publication, distribution, etc. | c2020. |
| 300 ## - PHYSICAL DESCRIPTION | |
| Extent | xxix, 514p : |
| Other physical details | col.ill ; |
| Dimensions | 26cm. |
| 650 ## - SUBJECT ADDED ENTRY--TOPICAL TERM | |
| Topical term or geographic name entry element | 1. Filipino- Study and Teaching |
| 700 ## - ADDED ENTRY--PERSONAL NAME | |
| Personal name | Marvin m. Zapico |
| 700 ## - ADDED ENTRY--PERSONAL NAME | |
| Personal name | Ian Mark P. Nibalvos |
| 700 ## - ADDED ENTRY--PERSONAL NAME | |
| Personal name | Alvin Ringgo C. Reyes |
| 942 ## - ADDED ENTRY ELEMENTS (KOHA) | |
| Source of classification or shelving scheme | Dewey Decimal Classification |
| Koha item type | Book-Filipiniana |
| Call number prefix | Fil. |
| Suppress in OPAC | No |
| 952 ## - LOCATION AND ITEM INFORMATION (KOHA) | |
| -- | |
| Withdrawn status | Lost status | Source of classification or shelving scheme | Damaged status | Not for loan | Home library | Current library | Shelving location | Date acquired | Source of acquisition | Total Checkouts | Full call number | Barcode | Date last seen | Copy number | Price effective from | Koha item type | Uniform Resource Identifier |
|---|---|---|---|---|---|---|---|---|---|---|---|---|---|---|---|---|---|
| Dewey Decimal Classification | Junior High School Library | Junior High School Library | Filipiniana | 11/05/2025 | School Fund | fil. 899.21 S256 2020 | JHS - 20944 | 11/05/2025 | c1 | 11/05/2025 | BK-FIL |